Normal view
MARC view
- Kazi, Syed Javaid A.,
Entry Personal Name
001 - CONTROL NUMBER
- control field: 6454
003 - CONTROL NUMBER IDENTIFIER
- control field: NUST
005 - DATE AND TIME OF LATEST TRANSACTION
- control field: 20171116113506.0
008 - FIXED-LENGTH DATA ELEMENTS
- fixed length control field: 171116|| aca||aabn | a|a d
040 ## - CATALOGING SOURCE
- Original cataloging agency: NUST
- Transcribing agency: NUST
100 ## - HEADING--PERSONAL NAME
- Personal name: Kazi, Syed Javaid A.,
- Relator term: illustrator.
670 ## - SOURCE DATA FOUND
- Source citation: Work cat.: (NUST)0: Shāh, Ṣafdar ʻAlī, 1948- 6447, The Sikh heritage of Pakistan /
